| 000 | 00662nam a22002537a 4500 | ||
|---|---|---|---|
| 003 | UA-OsUOA | ||
| 001 | 96665 | ||
| 007 | ta | ||
| 008 | 20130320b un ||||| |||| 00| 0 ukr d | ||
| 100 | _aБакай І. М. | ||
| 090 |
_a330(477) _bБ19 |
||
| 942 | _cBK | ||
| 040 |
_aUA-OsUOA _bukr _cUA-OsUOA _dUA-OsUOA |
||
| 245 | _aУкраїна гарантує | ||
| 300 | _a96 с. | ||
| 955 | _a4 | ||
| 041 | _aukr | ||
| 080 | _a330(477) | ||
| 020 | _a966-02-1638-6 | ||
| 260 |
_aК. _bПолюс _c2000 |
||
| 246 | 3 | 1 |
_a17 політичних сюжетів з економіки _n |
| 650 | 7 |
_a330 Економіка взагалі _2UDC |
|
| 999 |
_c382936 _d382936 |
||